| 000 | 00700cam a2200145 4500500 | ||
|---|---|---|---|
| 005 | 20260208005827.0 | ||
| 041 | _afre | ||
| 042 | _adc | ||
| 100 | 1 | 0 |
_aBara, Olivier _eauthor |
| 245 | 0 | 0 | _aLaurence Tibi, La Lyre désenchantée. L’instrument de musique et la voix humaine dans la littérature française du XIXe siècle. Paris, Champion, coll. « Romantisme et modernités », n° 66,2003. Un vol. 16 × 24 de 624 p. |
| 260 | _c2005. | ||
| 500 | _a10 | ||
| 786 | 0 | _nRevue d'histoire littéraire de la France | 105 | 3 | 2005-06-01 | p. 655zi-764zi | 0035-2411 | |
| 856 | 4 | 1 | _uhttps://shs.cairn.info/revue-d-histoire-litteraire-de-la-france-2005-3-page-655zi?lang=fr&redirect-ssocas=7080 |
| 999 |
_c1653968 _d1653968 |
||